| 000 | 01223nam a2200325Ia 4500 | ||
|---|---|---|---|
| 001 | ebr10722523 | ||
| 003 | CaPaEBR | ||
| 006 | m o u | ||
| 007 | cr cn||||||||| | ||
| 008 | 130517s2013 enk s 001 0 eng d | ||
| 010 | _z 2013019320 | ||
| 020 | _z9781118510889 (hardback) | ||
| 020 | _z9781118510896 | ||
| 040 |
_aCaPaEBR _cCaPaEBR |
||
| 035 | _a(OCoLC)876342583 | ||
| 050 | 1 | 4 |
_aHD31 _b.K25 2013eb |
| 082 | 0 | 4 |
_a658.4/01 _223 |
| 100 | 1 | _aKaiser, Kevin. | |
| 245 | 1 | 4 |
_aThe blue line imperative _h[electronic resource] : _bwhat managing for value really means / _cKevin Kaiser and S. David Young. |
| 260 |
_aChichester, West Sussex, United Kingdom : _bJohn Wiley and Sons, Inc, _c[2013] |
||
| 300 | _axiii, 306 p. | ||
| 500 | _aIncludes index. | ||
| 533 |
_aElectronic reproduction. _bPalo Alto, Calif. : _cebrary, _d2013. _nAvailable via World Wide Web. _nAccess may be limited to ebrary affiliated libraries. |
||
| 650 | 0 | _aManagement. | |
| 650 | 0 | _aValue. | |
| 650 | 0 | _aStrategic planning. | |
| 655 | 7 |
_aElectronic books. _2local |
|
| 710 | 2 | _aebrary, Inc. | |
| 856 | 4 | 0 |
_uhttp://site.ebrary.com/lib/rucke/Doc?id=10722523 _zAn electronic book accessible through the World Wide Web; click to view |
| 999 |
_c39396 _d39396 |
||